Hiking / Camping Brand Logos - Statistics

General Stats
  • This quiz has been taken 279 times
  • The average score is 5 of 16
Answer Stats
Picture Answer % Correct
The North Face
95%
Patagonia
85%
Arc'teryx
48%
Columbia
48%
Fjällräven
40%
Osprey
38%
Black Diamond
34%
Marmot
18%
La Sportiva
17%
Smartwool
15%
Macpac
10%
Nemo
9%
Rab
9%
Sea to Summit
9%
Nalgene
6%
Icebreaker
5%
No matching quizzes found
Score Distribution
Percent of People with Each Score
Percentile by Number Answered
Your Score History
You have not taken this quiz